000 01123cam a2200301 a 4500
001 4509333
003 ARRUPE
005 20161215080624.0
008 981110r19991873nyu 000 0 eng
010 _a 98051463
020 _a0471344990 (cloth : alk. paper)
020 _a0471345369 (pbk. : alk. paper)
040 _aDLC
_cDLC
_dDLC
043 _ae-uk---
050 0 0 _aHG3000.L82
_bB3 1999
082 0 0 _a332/.09421
_221
100 1 _aBagehot, Walter,
_d1826-1877.
_911066
245 1 0 _aLombard Street :
_ba description of the money market /
_cWalter Bagehot.
260 _aNew York :
_bJ. Wiley,
_cc1999.
300 _axiv, 359 p. ;
_c23 cm.
440 0 _aWiley investment classics
_928005
500 _aOriginally published: New York : Scribner, Armstrong, 1873. With new foreword.
650 0 _aBanks and banking
_zEngland
_zLondon.
_928006
650 0 _aBanks and banking
_zGreat Britain.
_928007
906 _a7
_bcbc
_corignew
_d1
_eocip
_f19
_gy-gencatlg
942 _2lcc
_cMONOGRAPH
999 _c125889
_d125889